Poesía / (Record no. 169308)

MARC details
000 -LEADER
campo de control de longitud fija 00778nam a2200241 i 4500
001 - NÚMERO DE CONTROL
campo de control 169308
003 - IDENTIFICADOR DE NÚMERO DE CONTROL
campo de control ES-MaACL
005 - FECHA Y HORA DE LA ÚLTIMA TRANSACCIÓN
campo de control 20250921063037.0
008 - DATOS DE LONGITUD FIJA--INFORMACIÓN GENERAL
campo de control de longitud fija 080829s2007 sp |||| | spa d
017 ## - NÚMERO DE COPYRIGHT O DE DEPÓSITO LEGAL
Número de copyright o de depósito legal M-48.449-2007
020 ## - NÚMERO INTERNACIONAL ESTÁNDAR DEL LIBRO
Número Internacional Estándar del Libro 978-84-7522-694-1
080 ## - NÚMERO DE LA CLASIFICACIÓN DECIMAL UNIVERSAL
Número de la Clasificación Decimal Universal 821.133.1-14"19"
100 1# - ENTRADA PRINCIPAL--NOMBRE DE PERSONA
Nombre de persona Verlaine, Paul,
Fechas asociadas al nombre 1844-1896
9 (RLIN) 114142
245 10 - MENCIÓN DEL TÍTULO
Título Poesía /
Mención de responsabilidad, etc. Paul Verlaine ; edición de Jacinto Luis Guereña.
250 ## - MENCION DE EDICION
Mención de edición 6ª ed.
300 ## - DESCRIPCIÓN FÍSICA
Extensión 284 p. ;
Dimensiones 20 cm.
490 1# - MENCIÓN DE SERIE
Mención de serie Colección Visor de poesía ;
Designación de volumen o secuencia 176
546 ## - NOTA DE IDIOMA
Nota de lengua/lenguaje Texto en francés y traducción en español.
700 0# - ENTRADA AGREGADA--NOMBRE PERSONAL
Nombre de persona Guereña, Jacinto Luis,
Fechas asociadas al nombre 1915-2007
9 (RLIN) 60460
830 0# - PUNTO DE ACCESO ADICIONAL DE SERIE-TÍTULO UNIFORME
Título uniforme Colección Visor de poesía
Designación de volumen o secuencia 176
9 (RLIN) 177331
852 4# - LOCALIZACIÓN
Ubicación ES-MaACL
Número de control de estantería L-29664
itemnumber R.143167
Holdings
Estatus retirado Estado de pérdida Estado de daño No para préstamo Biblioteca de origen Biblioteca actual Ubicación en estantería Fecha de adquisición Fuente de adquisición Total de préstamos Signatura topográfica completa Código de barras Visto por última vez Precio de reemplazo Tipo de ítem Koha
        Biblioteca del Ateneo de Madrid Biblioteca del Ateneo de Madrid Depósito 2 29/08/2008     L-29664 1177751 23/02/2023 23/02/2023 Libro impreso